Central Library OPAC University of Rajshahi

Modern organization theory : (Record no. 75672)

MARC details
000 -LEADER
fixed length control field 01011nam a2200289 a 4500
001 - CONTROL NUMBER
control field 75672
003 - CONTROL NUMBER IDENTIFIER
rucl marc code BD-RjUL
005 - DATE AND TIME OF LATEST TRANSACTION
control field 20211209082727.0
008 - FIXED-LENGTH DATA ELEMENTS--GENERAL INFORMATION
fixed length control field 190514r19671959nyua b 000 0 eng
035 ## - SYSTEM CONTROL NUMBER
System control number (BD-RjUL)75890
040 ## - CATALOGING SOURCE
Original cataloging agency DLC
Transcribing agency DLC
Modifying agency DLC
-- BD-RjUL
Language of cataloging eng
041 ## - LANGUAGE CODE
Language code of text/sound track or separate title eng
082 00 - DEWEY DECIMAL CLASSIFICATION NUMBER
Edition number 23
Classification number 302.35
Author mark and year MOD 1967
245 00 - TITLE STATEMENT
Title Modern organization theory :
Remainder of title a symposium /
Statement of responsibility, etc. Edited by Mason Haire.
260 ## - PUBLICATION, DISTRIBUTION, ETC. (IMPRINT)
Place of publication, distribution, etc. New York :
Name of publisher, distributor, etc. Wiley,
Date of publication, distribution, etc. 1959, [printing 1967]
300 ## - PHYSICAL DESCRIPTION
Pagination x, 324 p. :
Illustrations illus.;
Size 24 cm.
500 ## - GENERAL NOTE
General note "One of a series of books from the research program of the Institute of Industrial Relations, University of California."
504 ## - BIBLIOGRAPHY, ETC. NOTE
Bibliography, etc Includes bibliographies.
650 #0 - SUBJECT ADDED ENTRY--TOPICAL TERM
Topical term or geographic name as entry element Organization.
9 (RLIN) 231701
Topical term or geographic name as entry element Organizational behavior.
9 (RLIN) 231702
Topical term or geographic name as entry element Sociology
9 (RLIN) 231703
700 1# - ADDED ENTRY--PERSONAL NAME
Personal name Haire, Mason,
710 2# - ADDED ENTRY--CORPORATE NAME
Corporate name or jurisdiction name as entry element University of California, Berkeley.
Subordinate unit Institute of Industrial Relations.
9 (RLIN) 231704
942 ## - ADDED ENTRY ELEMENTS (KOHA)
Source of classification or shelving scheme Dewey Decimal Classification
Koha item type Books
Holdings
Lost status Source of classification or shelving scheme Damaged status Not for loan Collection code Permanent Location Current Location Shelving location Date acquired Source of acquisition Cost, normal purchase price Total Checkouts Full call number Date last seen Copy number Koha item type
  Dewey Decimal Classification   Not For Loan Non-fiction Central Library, University of Rajshahi Central Library, University of Rajshahi Reading Room 22/07/1971 Zeitlinger 100.00   302.35 MOD 1967 14/05/2019 C-1 Books
  Dewey Decimal Classification     Non-fiction Central Library, University of Rajshahi Central Library, University of Rajshahi   22/07/1971 zeitlinger 100.00   302.35 MOD 1967 20/05/2019 C-2 Books